LIBRARY & INFORMATION CENTRE, KCAET, TAVANUR

ONLINE PUBLIC ACCESS CATALOGUE (OPAC)

Geoinformatics Applications in Agriculture (Record no. 13828)

MARC details
000 -LEADER
fixed length control field 00295nam a22001217a 4500
020 ## - INTERNATIONAL STANDARD BOOK NUMBER
ISBN 9789380179629
082 ## - DEWEY DECIMAL CLASSIFICATION NUMBER
Classification number 621.3678 UMA/GE
100 ## - MAIN ENTRY--AUTHOR NAME
Personal name Uma Bhatnagar
245 ## - TITLE STATEMENT
Title Geoinformatics Applications in Agriculture
260 ## - PUBLICATION, DISTRIBUTION, ETC. (IMPRINT)
Place of publication Jaipur
Name of publisher Oxford Book Company
Year of publication 2010
300 ## - PHYSICAL DESCRIPTION
Number of Pages 262
942 ## - ADDED ENTRY ELEMENTS (KOHA)
Koha item type Books
Holdings
Withdrawn status Lost status Damaged status Collection code Home library Current library Shelving location Date acquired Source of acquisition Cost, normal purchase price Full call number Accession Number Koha item type
      Non-fiction KAUAET KAUAET General Stacks 31/03/2012 Southern Book Star, Thiruvananthapuram 1550.00 621.3678 UMA/GE 23387 Books
free website counter